| 000 | 01011cam a2200301 i 4500 | ||
|---|---|---|---|
| 999 |
_c200447096 _d65308 |
||
| 001 | 200447096 | ||
| 003 | TR-AnTOB | ||
| 005 | 20220817140025.0 | ||
| 007 | ta | ||
| 008 | 030102s2002 tu 000 0 tur d | ||
| 035 | _a(TR-AnTOB)200447096 | ||
| 040 |
_aTR-AnTOB _beng _erda _cTR-AnTOB |
||
| 041 | 0 | _atur | |
| 050 | 4 |
_aHD9016.T8 _bG53 2002 |
|
| 090 |
_aHD9016.T8 _bG53 2002 |
||
| 245 | 0 | 0 |
_aGıda sanayi envanteri : _b(1994-1996, 1998-2000). |
| 264 | 1 |
_aİstanbul : _bTarım ve Köyişleri Bakanlığı Koruma ve Kontrol Genel Müdürlüğü, _c2002. |
|
| 300 |
_a226 pages ; _c24 cm |
||
| 336 |
_atext _btxt _2rdacontent |
||
| 337 |
_aunmediated _bn _2rdamedia |
||
| 338 |
_avolume _bnc _2rdacarrier |
||
| 500 | _a"Panel 28.5.2002." | ||
| 650 | 7 |
_aBesin endüstrisi ve ticareti _zTürkiye _2etuturkob _944349 |
|
| 710 | 2 |
_aTürkiye. _bTarım ve Köyişleri Bakanlığı. _bKoruma ve Kontrol Genel Müdürlüğü _9135354 |
|
| 942 |
_2lcc _cBK |
||